000 01003nam a2200313 4500
003 EG-GICUC
005 20260209170046.0
008 260209s1983 fr ||||fr|||| 00| 0 fre d
040 _aEG-GiCUC
_bfre
_cEG-GiCUC
_dEG-GiCUC
_eRda
041 _afre
_hfre
082 0 4 _221
_a341.1
_bRE . D
092 0 4 _221
099 _aLaw 12 341.1 RE . D 1983
100 1 _aReuter, Paul
_eAuteur
245 0 1 _aDroit International Public /
_cPar Paul Reuter.
250 _a6 edition
264 1 _aParis;
_bPresses Universitaires de France,
_c1983.
300 _a595 page :
_billustration ;
_c 24 cm.
336 _2rda contenu
_a texte
337 _2rda medias
_aOrdinateur
338 _2 transporteur rda
_a Ressource en ligne
504 _aBibliography: pages 200-250. 240-220
546 _aTexte en français
650 1 _2qrmak
_aFinances publiques et législation fiscale
651 1 _2qrmak
856 4 0 _uhttps://fll.law.cu.edu.eg/fulltext/bks/B11-07454.pdf
905 _a31
942 _2ddc
_n0
_cBK
_e21
999 _c61947
_d61947